| 000 | 00657nam a2200253Ia 4500 | ||
|---|---|---|---|
| 003 | OSt | ||
| 005 | 20221007074840.0 | ||
| 006 | a|||||r|||| 00| 0 | ||
| 007 | ta | ||
| 008 | 221006b |||||||| |||| 00| 0 eng d | ||
| 024 | _a13,752 | ||
| 037 | _cTextual | ||
| 040 |
_aFLL _cFLL _beng |
||
| 041 |
_2eng _aeng |
||
| 082 | _aW:28u2:N6, L3.2 | ||
| 110 | _aGovt. of India | ||
| 245 | 0 | _aSurvey of research in public administration | |
| 260 |
_aNew Delhi _bAllied pub. India _c1973 |
||
| 300 |
_axix,556p _ccm. |
||
| 490 | _vVol.2 | ||
| 700 | _aGovt. of India | ||
| 942 |
_hW:28u2:N6, L3.2 _cTEXL _2CC |
||
| 999 |
_c1153906 _d1153906 |
||